Focus sur: Smaug - Tolkien - Statistiques

Statistiques générales
  • Ce quiz a été pris 156 fois
  • Le résultat moyen est 6 sur 10
Statistiques - réponses
Informations recherchées Réponses % Correct
Espèce Dragon
98%
Première apparition Le Hobbit
96%
Age durant lequel il vécut Troisième (au moins)
92%
Contrée/Cité Erebor
83%
Surnoms Smaug le {Doré}
69%
Acteur le doublant dans les films (VO) Benedict Cumberbatch
60%
Groupe de l'espèce Urulókë (Drac-Feu)
42%
Contrée d'origine Lande desséchée (Montagnes Grises)
38%
(Vieux) Ver
15%
Autre nom Trāgu
5%
Aucun quiz correspondant
Distribution des résultats
% des personnes avec chaque résultat
Percentile par nombre de réponses
Votre historique - résultats
Vous n’avez pas pris ce quiz